MPL PH S-16 ALL TEAMS - Statistics

General Stats
  • This quiz has been taken 25 times
  • The average score is 5 of 8
Answers on the Grid
Answers color-coded by a green-red scale on the quiz's grid according to % correct below.
AURORA Gaming PH
ENCE Manila PH
mibr
TEAM SECRET PH
Luminousity Gaming
M80 PH
TNC PRO TEAM
AP.Bren
BloodThirsty King
Twisted Minds PH
Team Falcons PH
OG Esports
OMEGA Esports
ONIC Philipines
Red Slangor Giants
Team Liquid ID
Team Liquid PH
NRG Esports
Viper Esports
Astralis Red Star PH
 
Answer Stats
Answer % Correct
AURORA Gaming PH
100%
Team Falcons PH
70%
Twisted Minds PH
70%
AP.Bren
60%
OMEGA Esports
60%
ONIC Philipines
60%
TNC PRO TEAM
60%
Team Liquid PH
50%
No matching quizzes found
Score Distribution
Percent of People with Each Score
Percentile by Number Answered
Your Score History
You have not taken this quiz